American Revolution Figures by Portrait - Statistics

General Stats
  • This quiz has been taken 470 times
  • The average score is 9 of 14
Answer Stats
Picture Answer % Correct
George Washington
100%
Benjamin Franklin
95%
Thomas Jefferson
95%
John Adams
92%
Samuel Adams
89%
George III
83%
Alexander Hamilton
80%
James Madison
76%
Marquis de Lafayette
52%
Paul Revere
51%
Charles Cornwallis
37%
John Jay
28%
Henry Knox
18%
Horatio Gates
15%
No matching quizzes found
Score Distribution
Percent of People with Each Score
Percentile by Number Answered
Your Score History
You have not taken this quiz